| 000 | 00817nac a22002051u 4500 | ||
|---|---|---|---|
| 008 | 090422t xxu||||| |||| 00| 0 eng d | ||
| 010 | _a 2006906802 | ||
| 020 | _a0324586590 | ||
| 082 |
_a337 _bCAR _222 |
||
| 100 |
_aCarbaugh, Robert J., _94075 |
||
| 245 | 1 | 0 |
_aInternational economics / _cRobert J. Carbaugh. |
| 250 | _a12th ed. | ||
| 260 |
_aMason, OH : _bThomson/South-Western,c _c2009 |
||
| 300 |
_axxii, 553 p. : _bill. ; _c25 cm. |
||
| 504 | _aIncludes bibliographical references and index. | ||
| 650 | 0 |
_aInternational economic relations. _94076 |
|
| 856 | 4 | 1 |
_3Table of contents only _uhttp://www.loc.gov/catdir/toc/fy0704/2006906802.html |
| 942 |
_cBB _k337CAR _2ddc |
||
| 999 |
_c11388 _d11388 |
||